000 00691nam a22001937a 4500
005 20250710110401.0
010 _aENG-145916
020 _c300.00
_a9789391706173
035 _aEN-129448
037 _bDBAD
082 _a181.499
_21
245 _aThe Historical evolution of India/
_cRamakrishna Mission Institute of Culture
250 _a1
260 _aKolkata
_bThe Ramakrishna Mission Institute Of Culture
_c2022
270 _bKolkata
_aThe Ramakrishna Mission Institute Of Culture Gol Park, Kolkata India
_e700029
_mrmicsale@gmail.com
300 _a245p.
_c22cm(hb)
500 _aProceedings of the Seminar held in May 2017
942 _2ddc
_cEN
_h181.499
_mHIS
_e1
999 _c212304
_d212304